Wymień wszystkie księgi Biblii - Statystyki

Ogólne statystyki
  • Ten quiz został rozwiązany 68 razy
  • Średni wynik to 26 z 73
Statystyki odpowiedzi
Numer Nazwa księgi % Poprawnych
1 Księga Rodzaju
96%
2 Księga Wyjścia
85%
4 Księga Liczb
70%
73 Apokalipsa św. Jana
68%
5 Księga Powtórzonego Prawa
68%
23 Księga Psalmów
60%
51 Dzieje Apostolskie
57%
3 Księga Kapłańska
57%
22 Księga Hioba
55%
50 Ewangelia wg św. Jana
53%
49 Ewangelia wg św. Łukasza
53%
47 Ewangelia wg św. Mateusza
53%
48 Ewangelia wg św. Marka
51%
29 Księga Izajasza
51%
52 List do Rzymian
49%
54 2 List do Koryntian
43%
53 1 List do Koryntian
40%
25 Księga Koheleta
40%
27 Księga Mądrości
40%
8 Księga Rut
40%
20 1 Księga Machabejska
38%
21 2 Księga Machabejska
38%
30 Księga Jeremiasza
38%
24 Księga Przysłów
38%
11 1 Księga Królewska
36%
12 2 Księga Królewska
36%
34 Księga Daniela
36%
28 Mądrość Syracha
36%
26 Pieśń nad Pieśniami
36%
19 Księga Estery
34%
57 List do Filipian
34%
6 Księga Jozuego
32%
7 Księga Sędziów
32%
56 List do Efezjan
32%
55 List do Galatów
32%
9 1 Księga Samuela
30%
59 1 List do Tesaloniczan
30%
10 2 Księga Samuela
30%
60 2 List do Tesaloniczan
30%
18 Księga Judyty
30%
46 Księga Malachiasza
30%
65 List do Hebrajczyków
30%
58 List do Kolosan
30%
13 1 Księga Kronik
28%
14 2 Księga Kronik
28%
33 Księga Ezechiela
28%
35 Księga Ozeasza
28%
63 List do Tytusa
28%
69 1 List św. Jana
26%
67 1 List św. Piotra
26%
70 2 List św. Jana
26%
68 2 List św. Piotra
26%
37 Księga Amosa
26%
32 Księga Barucha
26%
16 Księga Nehemiasza
26%
45 Księga Zachariasza
26%
31 Lamentacje
26%
61 1 List do Tymoteusza
23%
62 2 List do Tymoteusza
23%
71 3 List św. Jana
23%
15 Księga Ezdrasza
23%
39 Księga Jonasza
23%
17 Księga Tobiasza
23%
64 List do Filemona
23%
66 List św. Jakuba
19%
44 Księga Aggeusza
17%
40 Księga Micheasza
17%
41 Księga Nahuma
17%
72 List św. Judy
17%
42 Księga Habakuka
15%
36 Księga Joela
15%
38 Księga Abdiasza
11%
43 Księga Sofoniasza
11%
Nie znaleziono quizów pasujących do podanych kryteriów
Rozkład punktacji
Procent ludzi z każdym wynikiem
Percentyl według liczby udzielonych odpowiedzi
Twoja historia wyników
Nie rozwiązałeś tego quizu